حوارات حول المستقبل : (Record no. 12592)
[ view plain ]
| 000 -LEADER | |
|---|---|
| fixed length control field | 01272nam a22002177a 4500 |
| 008 - FIXED-LENGTH DATA ELEMENTS--GENERAL INFORMATION | |
| fixed length control field | 090816t xxu||||| |||| 00| 0 eng d |
| 020 ## - INTERNATIONAL STANDARD BOOK NUMBER | |
| International Standard Book Number | 9770186325 |
| 082 ## - DEWEY DECIMAL CLASSIFICATION NUMBER | |
| Edition number | 20 |
| Classification number | 320.941 |
| Item number | س م ى |
| 100 ## - MAIN ENTRY--PERSONAL NAME | |
| 9 (RLIN) | 8466 |
| Personal name | عبد السميع , عمرو. |
| 245 ## - TITLE STATEMENT | |
| Title | حوارات حول المستقبل : |
| Remainder of title | الأحاديث البريطانية / |
| Statement of responsibility, etc | عمرو عبد السميع. |
| 250 ## - EDITION STATEMENT | |
| Remainder of edition statement | ط خاصة تصدره الدار المصرية اللبنانية ضمن مشروع مكتبة الأسرة. |
| 260 ## - PUBLICATION, DISTRIBUTION, ETC. (IMPRINT) | |
| Place of publication, distribution, etc | القاهرة : |
| Name of publisher, distributor, etc | الهيئة المصرية العامة للكتاب , |
| Date of publication, distribution, etc | 2003. |
| 300 ## - PHYSICAL DESCRIPTION | |
| Extent | 375 ص؛ |
| Dimensions | 25 سم. |
| 490 ## - Series Statement | |
| Series statement | مكتبة الأسرة ,سلسلة الأعمال الخاصة. |
| 650 ## - SUBJECT ADDED ENTRY--TOPICAL TERM | |
| 9 (RLIN) | 8463 |
| Topical term or geographic name as entry element | السياسيون البريطانيون |
| 650 ## - SUBJECT ADDED ENTRY--TOPICAL TERM | |
| 9 (RLIN) | 8464 |
| Topical term or geographic name as entry element | بريطانيا - أحوال سياسية. |
| 650 ## - SUBJECT ADDED ENTRY--TOPICAL TERM | |
| 9 (RLIN) | 8465 |
| Topical term or geographic name as entry element | بريطانيا - العلاقات الثقافية. |
| 942 ## - ADDED ENTRY ELEMENTS (KOHA) | |
| Source of classification or shelving scheme | Dewey Decimal Classification |
| Item type | Book - Borrowing |
| Withdrawn status | Item status | Source of classification or shelving scheme | Damaged status | Not for loan | Vendor | Home library | Current library | Shelving location | Date acquired | Source of acquisition | Total Checkouts | Full call number | Barcode | Date last seen | Koha item type |
|---|---|---|---|---|---|---|---|---|---|---|---|---|---|---|---|
| Dewey Decimal Classification | Central Library | Central Library | First floor | 16/08/2009 | 320.941 عبد | 000017134 | 15/07/2025 | Book - Borrowing | |||||||
| Dewey Decimal Classification | Central Library | Central Library | First floor | 25/08/2009 | 320.941 عبد | 000018107 | 15/07/2025 | Book - Borrowing |